000 00915nam a22003017a 4500
003 DO-SdBNP
005 20180126105813.0
008 151028b sp 1989 |||| |||| 00| 0 spa d
020 _a9788420734187
040 _aBPMSU
_bspa
_cBPMSU
092 _axxxxxxx
_bxxxxxxx
100 1 0 _aLondon, Jack,
_d1876-1916
245 1 4 _aLa quimera del oro /
_cJack London ; traducción Jacinta Romano ; ilustración Justo Barboza
250 _a5a ed.
260 _aMadrid, España :
_bAnaya,
_c1989.
300 _a255 p. :
_3il.,
_619 cm.
490 1 _aTus libros
490 1 0 _aAventura
_v3
504 _aIncluye notas y referencias bibliográficas al pie de las páginas
504 _aBibliografías : p. 252-255
700 1 _aRomano, Jacinta,
_etr.
700 1 0 _aBarboza, Justo,
_eil.
830 0 _aTus libros
830 0 0 _aAventura
_n3
942 _2ddc
_cBK
945 _aInventariado, 2018 / BT
956 _aBTAVAREZ
999 _c8484
_d8484